00728nam a2200193 a 450000100100000000500170001000800410002702000150006804000250008308200150010824500750012326000440019830000210024250000730026359000260033670000360036295201190039899900170051700003694820200930080035.0120207s1971 xxu r 000 0 spa d a0675098750 aDO-SdBNPbspacBNPHU axxxxbxxxx00aA comparative study of party organization /ceditor William E. Wright. aColumbus, Ohio :bBell & Howell,c1971. a566 p. ;c24 cm. aIncluye referencias bibliográficas y notas al pie de las páginas aInventariado, 2019/BT1 aWright, William E.,eed.963344 001054708MOaGRbGRcHDd2012-02-07iLF1l0oxxxx xxxxp36948-10r2020-06-25w2020-06-25y4ZPréstamo en sala c36438d36438